[Event "GEO-ch 1st League 2021"]
[Site "Tbilisi"]
[Date "2021.04.01"]
[Round "4.6"]
[White "Bagaturov, Giorgi"]
[Black "Esadze, Tamari"]
[Result "1-0"]
[WhiteElo "2431"]
[BlackElo "1889"]
[Annotator "TA"]
[PlyCount "133"]
[EventDate "2021.03.29"]
[EventType "swiss"]
[EventCountry "GEO"]
[SourceTitle "playchess.com"]
[Source "ChessBase"]
[SourceQuality "1"]

{[%evp 12,133,4,16,18,-7,0,0,0,-13,10,0,0,-7,0,0,10,4,23,15,26,16,58,58,53,62,72,66,78,68,146,156,160,131,216,217,222,220,243,242,240,235,233,216,216,201,216,202,218,199,224,220,227,224,240,268,270,265,294,274,286,283,291,294,283,273,335,331,339,316,571,135,102,110,104,85,172,179,179,156,341,197,218,210,183,186,257,252,320,281,345,335,298,148,451,401,444,110,154,162,182,81,81,109,200,59,404,356,1142,1031,837,812,2300,2224,29963,29965,29955,29941,6314,6560,5535,2149,29989,29990]} 1. Nf3 Nf6 2. c4 e6 3. g3 d5 4. Bg2 Be7 5. O-O O-O 6. b3 d4 7. e3 c5 {A14: English Opening: 1...e6 with b3 by White.} 8. exd4 cxd4 9. d3 Nc6 {The position is equal.} 10. Re1 Bd6 11. a3 a5 12. Qc2 {[#]} Nd7 $146 ({Predecessor:} 12... h6 13. Nbd2 e5 14. Rb1 Bf5 15. Nh4 Bh7 16. Ne4 Nxe4 17. dxe4 Bc5 18. Qd3 Qd6 {1-0 (56) Kirk,E (2420)-Trouve,G (2114) Escaldes 2019}) 13. Nbd2 Nc5 14. Rb1 Qb6 15. Ng5 Be7 16. Nge4 f5 17. Nxc5 Qxc5 18. f4 Bf6 19. Nf3 Bd7 20. Qd2 Qb6 (20... b5 $14) 21. b4 $16 axb4 22. axb4 {[%cal Ba3b4,Bb4b5][%mdl 32]} Ra4 (22... Nd8 $16 23. Bb2 Bc6) 23. b5 $18 Ne7 24. Bb2 Ra2 25. Qf2 Qd6 26. Ra1 Rfa8 27. Rxa2 ({Worse is} 27. Nxd4 Bc8 $17) 27... Rxa2 28. Ra1 Rxa1+ 29. Bxa1 Qa3 30. Qf1 ({Don't do} 30. Bxd4 $6 Qxd3 31. Bf1 Qd1 $16) 30... Ng6 31. Bxd4 Bxd4+ 32. Nxd4 Qa7 33. Qf2 Qa1+ 34. Bf1 e5 35. fxe5 Nxe5 {White should prevent ...Qxd4!} 36. Nxf5 {White threatens Ne7+ and mate.} g6 37. Ne7+ Kg7 38. Nd5 $1 {White wants to mate with Qf6+.} Nxd3 39. Qe3 Ne5 {intending ...Bh3.} 40. Nc3 Ng4 (40... Nf7 {was necessary.} 41. Qd4+ {[%mdl 64] Double Attack} Kf8 42. Qxd7 Qxc3 43. Qc8+ Kg7 44. Qxb7 Qd4+ 45. Kg2 Kf8) 41. Qd4+ $2 (41. Qe7+ $18 {is the precise move to win.} Kh6 42. Qf8+ (42. Qxd7 Qa7+ 43. Kg2 Qf2+ 44. Kh3 Qxf1+ 45. Kxg4 Qxc4+ {[%mdl 64] Double Attack} 46. Kf3 Qxc3+ 47. Kf4 Qf6+ 48. Ke4 Qf2 $11) 42... Kh5 43. Qe7 $1) 41... Nf6 $16 42. Kf2 Kf7 {next ...Qxc3! is good for Black.} 43. Ne2 Ng4+ (43... Qxd4+ $16 {was worth a try.} 44. Nxd4 Ke7) 44. Kg1 $1 $18 Qxd4+ 45. Nxd4 {[%mdl 4096] Endgame KBN-KBN} b6 $2 (45... Ne5 $16 46. c5 Ke7) 46. Bh3 (46. c5 $142 Ke7 47. cxb6) 46... Ne5 47. Bxd7 Nxd7 {KN-KN} 48. Nf3 Ke6 (48... Nf6 $142 49. Kf2 Ng4+ 50. Ke2 Ke7) 49. Kf2 Kd6 {Threatening ...Kc5.} 50. Ke3 Kc5 51. Kd3 h6 52. Kc3 (52. Nd2 $18 {is more deadly.}) 52... g5 $2 {[%mdl 8192]} (52... Kd6 $16 53. Ne1 Nf6) 53. Nd2 {[%cal Rd2e4]} Nf6 54. Nb3+ $2 (54. h3 $1 $18) 54... Kd6 $16 55. Kd4 Ng4 {[#]} 56. h4 (56. h3 $1 $18 {[%cal Rh3g4] and the rest is easy.} Nf2 57. h4) 56... gxh4 57. gxh4 Ne5 {[#]} (57... h5 $16 58. c5+ bxc5+ 59. Nxc5 Kc7) 58. Nd2 (58. h5 $1 $18) 58... Ng6 $2 {[%mdl 8192]} ({Black should try} 58... h5 $14) 59. Ne4+ Kc7 $2 (59... Ke6 60. h5 Nh4) 60. h5 $18 Nf4 61. Nf6 Ne6+ 62. Ke5 Ng7 63. Nd5+ Kb7 64. Nf4 Ne8 65. Ke6 Kc7 66. Ke7 (66. Nd5+ $142 Kb7 67. Kf5) 66... Nf6 67. Nd5+ {Weighted Error Value: White=0.34/Black=0.48} 1-0

[Event "GEO-ch 1st League 2021"]
[Site "Tbilisi"]
[Date "2021.04.01"]
[Round "4.7"]
[White "Chkhaidze, Nikoloz"]
[Black "Qalichava, Akaki"]
[Result "0-1"]
[WhiteElo "2307"]
[BlackElo "1877"]
[Annotator "TA"]
[PlyCount "108"]
[EventDate "2021.03.29"]
[EventType "swiss"]
[EventCountry "GEO"]
[SourceTitle "playchess.com"]
[Source "ChessBase"]
[SourceQuality "1"]

{[%evp 11,108,38,38,22,37,36,47,45,43,53,77,40,58,12,10,11,15,0,10,-36,-33,-28,-33,-46,-40,-41,-44,-67,-43,-59,0,-120,-116,-121,-110,-121,-9,-33,-29,-22,0,-39,-22,-43,-58,-37,-31,-97,-102,-95,-108,-104,-94,-91,-96,-108,-117,-301,-265,-412,-404,-528,-320,-314,-300,-457,-322,-494,-447,-662,-457,-563,-386,-362,-302,-272,-293,-284,0,-1028,-1084,-1029,-1021,-1406,-1175,-1141,-1136,-1197,-1223,-1264,-1210,-1595,-29975,-29975,-29953,-29936,-6597,-1616,-1501]} 1. e4 c5 2. Nf3 e6 3. d4 cxd4 4. Nxd4 Nc6 5. Nc3 Qc7 6. Be3 a6 7. Qf3 {The modern move. B48: Sicilian: Taimanov: 5 Nc3 Qc7 6 Be3 a6 without Be2.} Nf6 8. O-O-O Bb4 9. Nxc6 {White is slightly better.} bxc6 10. Bd4 Bd6 {[#]} 11. Bc4 $146 ({Predecessor:} 11. Kb1 Rb8 12. Bc4 Be5 13. Bxe5 Qxe5 14. Qg3 Qxg3 15. hxg3 d5 16. Bb3 Bb7 17. Rhe1 {0-1 (42) Mamedov,R (2709)-Andreikin,D (2712) Huaian 2017}) 11... Rb8 12. Qe2 Bf4+ 13. Kb1 $1 {Black must now prevent e5.} Be5 (13... Qb7 $6 14. Bb3 $16) 14. Bb3 (14. Bxa6 $2 Bxd4 15. Rxd4 Qb6 $19) 14... O-O 15. g4 Bxd4 16. Rxd4 d5 {Strongly threatening ...c5.} 17. exd5 exd5 18. g5 {[#]} Re8 $1 19. Qf3 (19. Qd2 Nd7) 19... Nd7 20. h4 Bb7 ({Black should try} 20... Nc5 $15) 21. g6 (21. Rdd1 $11 {keeps the balance.}) 21... fxg6 $17 ({Don't do} 21... hxg6 22. h5) 22. h5 g5 23. h6 {[%cal Rc3d5] aiming for Nxd5.} Qe5 (23... Nc5 $17 {White should prevent ...Rf8.} 24. hxg7 Qxg7) 24. Re4 $1 $11 {[%cal Re4e5]} Qf6 25. Qe3 Kf8 26. hxg7+ (26. Qh3 $5 {[%cal Rh3d7]} Nc5 27. hxg7+ Qxg7 28. Re3 $15) 26... Qxg7 27. Re6 Rxe6 28. Qxe6 Re8 29. Qf5+ {[#]} ({White should play} 29. Qd6+ $1 $15 Qe7 30. Qh6+ Qg7 31. Qd6+ Re7 32. a3) 29... Nf6 $1 $17 30. a3 Bc8 $36 {[%mdl 2048] Black is in control.} 31. Qd3 h5 32. Qd4 h4 33. Qc5+ Qe7 34. Qd4 (34. Qxc6 $17 {was the only defense.} Bb7 35. Qb6) 34... h3 $19 35. Nd1 (35. Ka2 {was necessary.}) 35... Kf7 36. Qd2 Ne4 37. Qe3 Qf6 38. Ka1 (38. Rxh3 $142 Bxh3 39. Qxh3) 38... Bg4 {Threatens to win with ...Qf3.} 39. Qa7+ (39. Rxh3 $142 Bxd1 40. Rh7+ Kg8 41. Rc7) 39... Re7 40. Qxa6 (40. Qb8 $142) 40... Bxd1 41. Rxd1 Nc5 42. Qc8 Nxb3+ (42... Qxf2 43. Qxh3 Re1 44. Qh5+ Kf8 45. Qh6+ Kf7 46. Rxe1 $11) 43. cxb3 {[%mdl 4096] Endgame KQR-KQR} Re2 {[%csl Ge2][%cal Rf6b2]} ({Stronger than} 43... Qxf2 44. Qxh3 Kg6 45. Qc8 $14) 44. Rb1 h2 $2 ({And not} 44... Qxf2 45. Qxh3 Kg6 46. Qd3+ Kh5 47. Qh3+ Kg6 48. Qd3+ Kh5 49. Qh3+ Kg6 $14) (44... Qe6 $19 45. Qc7+ Kg6) 45. Qh3 {[%mdl 8192]} (45. Qc7+ $11 Kg6 46. Qxh2) 45... Rxf2 46. Qh7+ Ke6 47. Qg8+ Kd7 48. Qh7+ Kd6 49. b4 g4 50. b5 cxb5 51. Qa7 h1=Q {[%csl Gf2][%cal Rf6b2]} 52. Qb6+ Ke7 {[%csl Gf2][%cal Rf6b2]} 53. Qxf6+ Kxf6 54. Rxh1 g3 {Weighted Error Value: White=0.63/Black=0.32} 0-1

[Event "GEO-ch 1st League 2021"]
[Site "Tbilisi"]
[Date "2021.04.01"]
[Round "4.8"]
[White "Mindiashvili, Tengiz"]
[Black "Elashvili, Giorgi"]
[Result "1/2-1/2"]
[WhiteElo "1923"]
[BlackElo "1857"]
[Annotator "TA"]
[PlyCount "181"]
[EventDate "2021.03.29"]
[EventType "swiss"]
[EventCountry "GEO"]
[SourceTitle "playchess.com"]
[Source "ChessBase"]
[SourceQuality "1"]

{[%evp 20,181,11,0,6,0,0,15,15,14,15,13,19,-13,-27,-19,-15,-39,3,-43,-45,-50,-34,-45,-37,-46,-44,-37,-40,-68,-57,-57,-57,-52,-52,-69,-57,-117,-25,-67,-55,-63,-15,-25,-16,-41,-13,-12,-6,-27,-27,-24,-17,-22,0,-24,-4,-6,0,0,0,-3,0,0,0,0,0,0,0,0,0,0,0,0,0,0,0,0,0,0,0,0,0,0,0,0,0,0,0,0,0,0,0,0,0,0,0,0,0,0,0,0,0,0,0,0,0,0,0,0,0,0,0,0,11,8,20,20,8,8,8,8,8,8,35,0,0,0,0,0,0,-8,0,-8,0,0,0,0,0,0,0,0,0,0,0,0,0,0,0,0,0,0,0,0,0,0,0,0,0,0,0,0,0,0]} 1. e4 c5 2. Nf3 Nc6 3. d4 cxd4 4. Nxd4 g6 5. Nc3 Bg7 6. Be3 Nf6 7. Be2 O-O 8. Nb3 d6 9. O-O b6 10. f4 Bb7 11. Qd2 Qc8 {B74: Sicilian Dragon: Classical System with 9 Nb3.} 12. Kh1 Rd8 13. Bf3 {[#]} Nb4 $146 ({Predecessor:} 13... Ba6 14. Rfe1 Ng4 15. Bg1 Bh6 16. Nd5 Nge5 17. Qf2 Nxf3 18. Qxf3 Bf8 19. Rad1 Bb7 {1-0 (52) Garcia,H-Chavich,T Pinamar 1973}) 14. a3 d5 {[%cal Rd5e4]} 15. e5 ({Don't blunder} 15. axb4 $2 dxe4 16. Qe2 exf3 $19) 15... Ne4 16. Bxe4 (16. Qc1 {feels hotter.} Na6 17. Nxe4 dxe4 18. Be2 Nc7 19. c4) 16... dxe4 17. Qf2 Nd5 18. Nxd5 Bxd5 (18... Rxd5 {keeps more tension.} 19. Nd4 Ba6 20. Rfc1 f6 21. c4 Rd8) 19. Rac1 Bxb3 20. cxb3 Qe6 21. Rc4 Rd3 22. Rxe4 Qxb3 23. Rb4 Qd5 24. Rd4 Rxd4 25. Bxd4 Rd8 26. Bc3 e6 27. h3 Bf8 28. Qh4 {[#]} (28. Qe2 $15) 28... Qd3 ({Black should play} 28... Qc4 $1 $17 {[%mdl 512]} 29. Rc1 Rd3) 29. Qe1 Be7 30. Kh2 Rc8 31. Rf3 Qd5 32. Qg3 Qe4 33. Re3 Qb1 34. Qf3 Rd8 35. Re1 Qd3 36. Re3 Qb1 37. Qe4 (37. Re1 {looks sharper.}) 37... Qxe4 (37... Qf1 {is interesting.} 38. Qf3 Qc1 39. Re1 Qc2 40. Re2 Qb3) 38. Rxe4 $11 {[%mdl 4096] Endgame KRB-KRB} b5 39. Bd4 a6 40. Kg3 Rc8 41. Kf3 h5 42. g4 hxg4+ 43. hxg4 Rc2 44. Ke3 Kf8 45. Kd3 Rg2 46. g5 Ke8 47. Re1 Rh2 48. Rc1 Kd7 49. Ra1 Rh3+ 50. Ke4 Rh4 51. Rd1 {[#] Hoping for Bf2+.} Kc6 52. Rc1+ Kb7 53. Bf2 Rh2 54. Kf3 Rh3+ 55. Ke4 Rh2 56. Kf3 (56. Rc2 {feels hotter.} Rh8 57. Kf3 Rd8 58. Ke4 Rd7 59. Rc1) 56... Rh3+ 57. Bg3 Rh8 58. Rd1 Kc6 59. Rc1+ Kb7 60. Be1 Rc8 61. Rd1 Rd8 62. Bd2 Rd3+ 63. Ke2 Rd7 64. Rh1 Kc6 65. Be3 Kb7 66. Rh7 Bf8 67. f5 exf5 68. e6 $1 {[%cal Re6d7]} Re7 $1 69. Rxf7 Rxf7 70. exf7 {KB-KB} a5 $1 71. Bd2 b4 $1 72. axb4 axb4 {The position is equal.} 73. Kd3 {Black must now prevent Kc4.} Kc6 74. Kc4 Kd7 75. Kd5 b3 76. Kc4 Ke6 77. Kxb3 Kxf7 78. Kc4 Ke6 79. b4 Bd6 80. b5 f4 81. b6 Kf5 82. Kd5 Bb8 83. b7 Kxg5 {aiming for ...Kf5.} 84. Ke4 Kg4 {Black wants to play ...Kg3.} 85. Be1 $1 g5 86. Bf2 Kh5 87. Bd4 Kg4 88. Be5 Ba7 89. Bd4 Bb8 90. Be5 Ba7 91. Bd4 {Weighted Error Value: White=0.07/Black=0.07} 1/2-1/2

[Event "GEO-ch 1st League 2021"]
[Site "Tbilisi"]
[Date "2021.04.01"]
[Round "4.9"]
[White "Tsanatsqenishvili, Alexandre"]
[Black "Adamia, Jaba"]
[Result "0-1"]
[WhiteElo "1702"]
[BlackElo "1899"]
[Annotator "NA RC"]
[PlyCount "64"]
[EventDate "2021.03.29"]
[EventType "swiss"]
[EventCountry "GEO"]
[SourceTitle "playchess.com"]
[Source "ChessBase"]
[SourceQuality "1"]
[TimeControl "5400+30"]

1. e4 {[%emt 0:00:46]} c5 {[%emt 0:00:00]} 2. Nf3 {[%emt 0:00:03]} e6 {[%emt 0:00:00]} 3. d4 {[%emt 0:00:03]} cxd4 {[%emt 0:00:05]} 4. Nxd4 {[%emt 0:00:06]} a6 {[%emt 0:00:12]} 5. Nc3 {[%emt 0:00:10]} Qc7 {[%emt 0:00:34]} 6. g3 {[%emt 0:00:20]} Bb4 {[%emt 0:01:20]} 7. Nde2 {[%emt 0:00:55]} Nf6 {[%emt 0:01:14]} 8. Bg2 {[%emt 0:00:14]} Be7 {[%emt 0:00:52]} 9. O-O {[%emt 0:01:42]} Nc6 {[%emt 0:03:28]} 10. a4 {[%emt 0:04:42] is now debated instead of 10.h3.} O-O {[%emt 0:04:17]} 11. Nf4 {[%emt 0:02:41]} d6 {[%emt 0:06:27]} 12. Nd3 {[%emt 0:01:36]} Rb8 {[%emt 0:14:22] [#]} 13. Bf4 $146 {[%emt 0:24:16]} ({Predecessor:} 13. g4 b5 14. axb5 axb5 15. g5 Nd7 16. f4 b4 17. Ne2 Qb6+ 18. Kh1 b3 19. c3 {1-0 (60) Garcia,G (2510)-Zapata,A (2470) Pensilvania 1998}) 13... Ne5 {[%emt 0:02:16]} 14. Ne2 {[%emt 0:14:32]} b6 {[%emt 0:06:12]} 15. c3 {[%emt 0:03:47]} (15. Ra3 $11) 15... Bb7 {[%emt 0:05:58]} 16. f3 {[%emt 0:00:16]} Rfd8 {[%emt 0:01:14]} 17. Kh1 {[%emt 0:14:43]} (17. Be3 $15) 17... Nxd3 {[%emt 0:14:42]} 18. Qxd3 {[%emt 0:00:16]} e5 {[%emt 0:00:09]} 19. Bg5 {[%emt 0:09:33]} d5 {[%emt 0:00:40]} 20. Qb1 {[%emt 0:04:01]} (20. Bxf6 $17 {is a better defense.} Bxf6 21. Qc2) 20... dxe4 {[%emt 0:07:42]} 21. fxe4 $19 {[%emt 0:00:22]} Nxe4 {[%emt 0:07:51]} 22. Bxe4 {[%emt 0:02:50]} Bxg5 {[%emt 0:00:14]} 23. Ng1 {[%emt 0:00:13]} Qc4 {[%emt 0:03:16]} 24. Bxb7 {[%emt 0:00:27]} Rxb7 {[%emt 0:00:05]} 25. Qf5 {[%emt 0:00:29]} Bf6 {[%emt 0:01:55]} 26. Rfe1 {[%emt 0:04:58]} Qc6+ {[%emt 0:05:17]} 27. Qf3 {[%emt 0:01:33]} Qxf3+ {[%emt 0:01:14]} 28. Nxf3 {[%emt 0:00:02]} Re7 {[%emt 0:00:10]} 29. Rad1 {[%emt 0:00:28]} Rxd1 {[%emt 0:01:19]} 30. Rxd1 {[%emt 0:00:02]} Re6 {[%emt 0:00:44]} 31. Nd2 {[%emt 0:00:30]} Rd6 {[%emt 0:00:16]} 32. h4 {[%emt 0:03:31]} e4 {[%emt 0:00:09]} 0-1

[Event "GEO-ch 1st League 2021"]
[Site "Tbilisi"]
[Date "2021.04.01"]
[Round "4.10"]
[White "Tsotsonava, Elene"]
[Black "Khelaia, Giorgi"]
[Result "1-0"]
[WhiteElo "1805"]
[BlackElo "2079"]
[Annotator "TA"]
[PlyCount "119"]
[EventDate "2021.03.29"]
[EventType "swiss"]
[EventCountry "GEO"]
[SourceTitle "playchess.com"]
[Source "ChessBase"]
[SourceQuality "1"]

{[%evp 16,119,22,18,13,26,42,41,57,54,43,37,58,54,53,0,0,0,0,0,0,-1,41,41,59,35,35,22,30,16,27,27,125,124,135,131,126,108,114,99,215,212,219,199,293,294,321,313,327,330,310,333,310,328,340,331,391,395,400,395,385,380,402,364,437,450,475,473,612,625,646,645,661,654,607,377,837,830,814,681,1408,1480,1746,1729,1533,1412,2706,2667,29983,29984,29984,29985,29986,29987,29987,29988,29989,29990,29990,29991,29992,29993,29996,29997,29997,29998]} 1. e4 g6 2. d4 Bg7 3. Nc3 d6 4. f4 Nc6 5. Be3 Nf6 6. Nf3 O-O 7. d5 Nb8 8. Be2 c6 9. O-O cxd5 {B06: Modern Defence.} 10. exd5 Bg4 11. h3 Bxf3 {White is slightly better.} 12. Bxf3 Nbd7 {[#]} 13. Bd4 $146 ({Predecessor:} 13. Ne2 Qa5 14. c4 Rfc8 15. b3 Nc5 16. Qc2 Qd8 17. b4 Ncd7 18. Rab1 Nb6 19. c5 Nbxd5 {0-1 (50) Zhadanov,V (2252)-Belov,I (2408) Moscow 2013}) 13... a6 14. a4 Rc8 15. Qe2 (15. a5 $14) 15... Re8 $11 16. Rad1 Qa5 17. Rfe1 Qb4 18. Qf2 Nc5 19. b3 b5 {[%cal Rb5a4]} 20. axb5 (20. Na2 $5 {[%cal Ra2b4]} Qa5 21. Re2 $16) 20... axb5 21. Na2 Qa5 22. Ra1 b4 {[#]} 23. Nc3 $1 {[%cal Ba2c3,Bc3b5,Bb5a7,Ba7c6][%mdl 32]} Qc7 {White leaves nothing to chance now.} (23... Qb6 $11 24. Na4 Qc7) 24. Nb5 $16 Qb7 25. Na7 $36 {[%mdl 2048] Black is under strong pressure.} Ra8 26. Nc6 Rxa1 27. Rxa1 {Ra7 is the strong threat.} Nfd7 (27... Nce4 $16 28. Qe2 Nc3 29. Bxc3 bxc3) 28. Bxg7 Kxg7 29. Qd4+ f6 (29... Kg8 $142 30. Ra7 (30. Qxb4 Qxb4 31. Nxb4 e5 $16) (30. Nxb4 Nb8 $18) 30... Qb5 31. Qxb4 (31. Nxb4 Nb8 $18) 31... Qxb4 32. Nxb4 Kf8) 30. Nxb4 $18 Qb6 31. Nc6 e5 32. dxe6 {[%mdl 64] Discovered Attack} Nxe6 33. Qxb6 Nxb6 34. Ra7+ Kh6 35. Rb7 Na8 36. g3 Nc5 37. Ra7 Nb6 38. Kf2 Ncd7 39. Rb7 Ra8 40. Nd4 d5 {[#]} 41. Bxd5 $1 {[%mdl 512]} Rd8 {[#]} (41... Rb8 42. Rxb8) 42. Nc6 $1 Re8 (42... Ra8 43. Bf3) 43. Bf3 Ra8 44. c4 Ra2+ 45. Ke3 Rb2 $2 (45... Ra3 46. Nd4 Nxc4+ 47. Kd3 Nce5+ 48. fxe5 Nc5+ 49. Kc4 Nxb7) 46. Nd4 Rb1 47. Bc6 Rg1 48. Bxd7 Nxd7 49. Rxd7 Rxg3+ {[%mdl 4096] Endgame KRN-KR} 50. Nf3 Rxh3 51. c5 g5 52. fxg5+ {White mates.} fxg5 53. c6 g4 {[#]} 54. c7 $1 Rxf3+ {KR-KR} 55. Kd4 Rf4+ 56. Ke5 Rf8 57. Rd8 Rf3 58. c8=Q Kg5 59. Rg8+ Kh6 60. Qc1+ {Weighted Error Value: White=0.12/Black=0.28} 1-0

[Event "GEO-ch 1st League 2021"]
[Site "Tbilisi"]
[Date "2021.04.01"]
[Round "4.11"]
[White "Tskipurishvili, Daviti"]
[Black "Siprashvili, Ivane"]
[Result "1-0"]
[WhiteElo "1807"]
[BlackElo "2075"]
[Annotator "TA"]
[PlyCount "101"]
[EventDate "2021.03.29"]
[EventType "swiss"]
[EventCountry "GEO"]
[SourceTitle "playchess.com"]
[Source "ChessBase"]
[SourceQuality "1"]

{[%evp 14,101,66,33,58,19,43,41,84,75,68,70,113,100,96,92,123,83,124,116,157,143,181,166,168,129,141,107,118,120,107,87,114,113,103,75,64,35,118,120,125,118,117,104,93,63,64,70,158,147,142,135,162,163,162,162,151,-50,-75,-36,8,8,12,27,25,-41,-72,-54,100,91,396,396,408,379,633,609,610,606,1010,1005,790,218,216,215,29994,29995,29995,29996,29996,29997]} 1. d4 Nf6 2. c4 g6 3. Nc3 Bg7 4. Nf3 O-O 5. g3 d6 6. Bg2 Na6 7. O-O c5 8. b3 d5 {[#] E65: King's Indian: Fianchetto: 6...c5 7 0-0 without d5 by White.} 9. e3 $146 ({Predecessor:} 9. Bb2 dxc4 10. bxc4 cxd4 11. Nxd4 Nd7 12. Nd5 e6 13. Ne3 Ndc5 14. Rb1 Bd7 15. Qc1 Nb4 16. Ba1 {½-½ (87) Ushenina,A (2442)-Brunello,S (2544) Porto Mannu 2019}) 9... dxc4 10. bxc4 Qa5 {White is slightly better.} 11. Bd2 Qd8 12. Qe2 Nd7 13. Rab1 Nc7 14. Rfd1 Rb8 15. Ne4 Na6 16. Bc3 Qc7 17. d5 $1 Bxc3 18. Nxc3 Qa5 19. Qd2 Nc7 {[%cal Ba6c7,Bc7e8,Be8d6,Bd6c4][%mdl 32]} 20. e4 f6 21. Rb3 Ne8 22. Qe2 Ne5 23. Nxe5 fxe5 24. Qe3 Nd6 25. Qg5 Qd8 (25... Nxc4 $14 26. Qxe7 Bg4) 26. Qxe5 $16 Bg4 27. Rc1 $36 {[%mdl 2048] White is on the roll.} Nxc4 28. Qg5 Bd7 29. Ne2 {[%cal Bc3e2,Be2f4,Bf4d3][%mdl 32]} b5 30. Nf4 {Nxg6! is the strong threat.} e5 ({Black should try} 30... Rf6 $14) 31. Qxd8 Rfxd8 32. Nd3 Rdc8 33. f4 $1 {[%cal Rf4e5]} exf4 34. gxf4 (34. Nxf4 Ne5 $15) 34... a5 35. a4 $2 (35. Kf2 $16) 35... Nd2 $15 36. Rb2 {[#]} c4 $1 37. Rxd2 {aiming for Ne5.} cxd3 38. Rxc8+ Rxc8 39. Rxd3 $11 {[%mdl 4096] Endgame KRB-KRB} (39. e5 $11 b4 40. e6 Bxa4 41. d6) 39... b4 $15 40. e5 Bxa4 $2 {[#]} (40... Bf5 $1 $15 {keeps the upper hand.} 41. Rg3 Rc1+ 42. Kf2 Rc2+ 43. Ke1 b3 44. Rxb3 Rxg2) 41. d6 $1 $16 Rc1+ $2 {[%mdl 8192] Black cannot hold the game after this.} (41... Kf8 $16 42. Bd5 Bb5) 42. Kf2 $18 {Strongly threatening e6.} Rc2+ 43. Ke3 {Threatens to win with Bd5+.} Kf8 $2 {[#]} ({Don't blunder} 43... Rxg2 $2 44. e6 $18) (43... Rc8 44. Rd5 (44. d7 Rd8 $18) 44... b3 45. Rxa5 b2) 44. e6 $1 {White wants to mate with d7.} Rc8 45. f5 gxf5 46. Kf4 b3 47. Kxf5 $2 (47. d7 Bxd7 48. exd7) 47... b2 (47... Rc5+ 48. Kf6 Rg5 49. Kxg5 Kg7 50. d7 Bb5 51. d8=Q h6+ 52. Kh5 Be8+ 53. Qxe8 Kf6 54. Qf7+ Ke5 55. Rd5#) 48. d7 Rd8 {[#]} (48... Bxd7 $18 49. exd7 Rd8) 49. Kf6 $1 {White mates.} Rxd7 50. exd7 Bxd7 51. Rxd7 {[%cal Rd7d8] Weighted Error Value: White=0.34/Black=0.49} 1-0

[Event "GEO-ch 1st League 2021"]
[Site "Tbilisi"]
[Date "2021.04.01"]
[Round "4.12"]
[White "Khodashneli, Shota"]
[Black "Tsereteli, Tornike"]
[Result "0-1"]
[WhiteElo "1976"]
[BlackElo "1765"]
[Annotator "TA"]
[PlyCount "80"]
[EventDate "2021.03.29"]
[EventType "swiss"]
[EventCountry "GEO"]
[SourceTitle "playchess.com"]
[Source "ChessBase"]
[SourceQuality "1"]

{[%evp 13,80,22,34,18,40,39,47,42,39,53,45,40,68,29,25,-41,-43,-20,45,42,69,47,60,22,31,0,0,0,0,0,0,0,0,0,1,5,5,3,0,-25,0,0,0,0,0,-233,-229,-434,-424,-468,-251,-481,-472,-730,-720,-847,-838,-1893,-1833,-1263,-767,-745,-673,-5493,-5493,-5114,-2437,-29990,-29991]} 1. e4 e6 2. d4 d5 3. Nc3 Nf6 4. Bg5 Be7 5. e5 Nfd7 6. h4 Bxg5 7. hxg5 Qxg5 8. Qd3 {C14: French: Classical System: 4 Bg5 Be7 main line.} h5 9. Nh3 {[%mdl 1024] White has compensation.} Qe7 10. Qg3 {White is slightly better.} g6 $1 11. Ng5 Nc6 12. O-O-O Nf8 {[#]} 13. Qf4 $146 ({Predecessor:} 13. Be2 Bd7 14. Bf3 O-O-O 15. Bxd5 Nh7 16. Nxh7 Rxh7 17. Bf3 Na5 18. d5 Nc4 19. d6 cxd6 20. exd6 {0-1 (45) Scheuermann,G (2173)-Leuranguer,Y (2300) Germany 2014}) 13... Nh7 14. Nxh7 ({White should play} 14. Nf3 $1 $11) 14... Rxh7 $15 15. g4 g5 (15... Bd7 $1 $11) 16. Qe3 $14 h4 17. Bg2 $1 Qd8 $1 18. Rh3 Rg7 19. Rf1 b6 20. f4 Ba6 21. Rf2 gxf4 22. Qxf4 Qg5 23. Qxg5 Rxg5 24. Rxh4 O-O-O $1 25. Rxf7 {Black should prevent Rf4.} Nxd4 26. Bh3 (26. Rhh7 $5 {[%cal Rg2f1]} Kb8 27. Rxc7 $11) 26... Kb7 27. Rh5 Rxh5 28. gxh5 {Black must now prevent h6.} Rg8 $1 {[%cal Rg8g1] Threatens to win with ...Rg1+.} 29. Kd2 $2 (29. Rf6 $11) 29... Rg3 $19 30. Bf1 (30. Rf4 {might work better.} Rxh3 31. Rxd4) 30... Nf3+ 31. Ke3 Nxe5+ (31... Nh2+ $142 32. Kf2 Nxf1) 32. Kf2 $2 {[#]} (32. Kf4 {was the only defense.} Rf3+ 33. Kxe5 Rxf7 34. Bh3) 32... Rxc3 $1 {[%mdl 512]} 33. Bxa6+ (33. bxc3 $142 Nxf7 34. Bh3) 33... Kxa6 {[%mdl 4096] Endgame KRN-KR} 34. Re7 Rxc2+ 35. Kg3 d4 36. Rxe6 Nf7 37. Re7 Nh6 {And now ...Nf5+ would win.} 38. Re6 {[#]} d3 $1 39. Kf3 (39. Re1 d2) 39... Nf5 40. Re5 Nd4+ {Weighted Error Value: White=0.92/Black=0.40} 0-1